000 00635nam a22002177a 4500
999 _c10835
_d10835
003 AR-CdUCM
008 190402b ||||| |||| 00| 0 spa d
040 _aMUNICIPALIDAD PROVINCIAL DEL CUSCO
_cBIBLIOTECA MUNICIPAL DEL CUSCO
082 _aEP / 372.64 /
_bC13
100 _aCaballero, Fernan
_917540
245 _aEl pájaro de la verdad /
260 _bSusaeta,
300 _bIlustraciones,
_c27 cm.
440 _aColecciones Esmeralda
_927836
500 _aLibro sin numeración
505 _aContenido : Cuento /
650 _aEducación primaria
_91561
650 _aCuento
_94671
942 _2ddc
_cLIBROS
945 _arjall